[Event "Agneaux St Lo op 15th"]
[Site "Agneaux"]
[Date "2013.07.10"]
[Round "5"]
[White "Fayad, Erwan"]
[Black "Hamidi, Navid"]
[Result "1-0"]
[WhiteElo "1938"]
[BlackElo "1595"]
[PlyCount "87"]
[EventDate "2013.07.07"]
[EventType "swiss"]
[EventRounds "9"]
[EventCountry "FRA"]
[SourceTitle "EXT 2014"]
[Source "ChessBase"]
[SourceDate "2013.11.20"]
[SourceVersion "1"]
[SourceVersionDate "2013.11.20"]
[SourceQuality "1"]

1. e4 e6 2. d4 d5 3. exd5 exd5 4. c4 c6 5. Nf3 Bf5 6. Bd3 Bb4+ 7. Nc3 Ne7 8. 0-0 0-0 9. Re1 dxc4 10. Bxc4 Nd5 11. Bd2 Nxc3 12. bxc3 Bd6 13. Ne5 Nd7 14. Qf3 Bxe5 15. Qxf5 g6 16. Qg4 Bg7 17. Bg5 Nf6 18. Qf4 Nd5 19. Bxd5 Qxd5 20. Re7 b6 21. Bf6 Rfe8 22. Rxe8+ Rxe8 23. Bxg7 Kxg7 24. Qc7 Qxa2 25. Rf1 Qa4 26. f4 Re2 27. f5 c5 28. fxg6 Qe8 29. gxf7 Qe3+ 30. Kh1 Rf2 31. f8Q+ Kxf8 32. Qb8+ Ke7 33. Qxa7+ Ke8 34. Qb8+ Ke7 35. Qc7+ Ke8 36. Qc6+ Ke7 37. Ra1 Qe6 38. Qc7+ Kf6 39. dxc5 bxc5 40. Qxc5 Re2 41. Rf1+ Kg6 42. Qc7 Qd5 43. Qg3+ Kh6 44. Qh4+ 1-0